000 00496nmm a2200157Ia 4500
008 251105s9999||||xx |||||||||||||||||und||
020 _a9788418223617
041 _aspa
100 _aAguirregoitia, Ainhoa
245 0 _aCopia original :
_b Antipasti, pasta, pizzas y un risotto
264 _a[Madrid, España] :
_bKōan Libros,
_c[Fecha de publicación no identificada]
300 _a0 páginas
650 _aCooking
856 _uhttps://public.digitaliapublishing.com/a/123976
942 _cCF
999 _c79646
_d79646